| 000 -ლიდერი |
| ფიქსირებული სიგრძის საკონტროლო ველი |
01590nam a2200289Ia 4500 |
| 001 - საკონტროლო ნომერი |
| საკონტროლო ველი |
17937 |
| 003 - საკონტროლო ნომრის იდენტიფიკატორი |
| საკონტროლო ველი |
GE_BSU |
| 005 - ბოლო ოპერაციის თარიღი და დრო |
| საკონტროლო ველი |
20200228161446.0 |
| 008 - ფიქსირებული სიგრძის მონაცემთა ელემენტები - ზოგადი ინფორმაცია |
| ფიქსირებული სიგრძის საკონტროლო ველი |
181216s2014 xx |||||||||||||| ||geo|| |
| 020 ## - წიგნის საერთაშორისო სტანდარტული ნომერი |
| International Standard Book Number |
9789941073632 |
| 040 ## - კატალოგიზაციის წყარო |
| Transcribing agency |
GE_BSU |
| 041 ## - ენის კოდი |
| Language code of text/sound track or separate title |
geo |
| 080 ## - უნივერსალური ათობითი კლასიფიკაციის ინდექსი |
| Universal Decimal Classification number |
903.21(479.22) თ-25 |
| 100 ## - მთავარი ჩანაწერი - პიროვნების სახელი |
| Personal name |
თამაზაშვილი, ქეთევან. |
| 9 (RLIN) |
7647 |
| 245 ## - ცნობა სათაურის შესახებ |
| Title |
პრეისტორიული ხანის სამთო წარმოების იარაღები საქართველოში = Prehistoric mining implements from Georgia / |
| Statement of responsibility, etc |
ქეთევან თამაზაშვილი ; რედ. ირინა ღამბაშიძე [და სხვ.] |
| 264 ## - წარმოების, გამოცემის, დისტრიბუციის და სხვა ცნობები |
| გამოცემის, წარმოების, დისტრიბუციის... ადგილი |
თბილისი : |
| გამოცემის, წარმოების, დისტრიბუციის... სახელწოდება |
მწიგნობარი, |
| გამოცემის, წარმოების, დისტრიბუციის... თარიღი |
2014. |
| 300 ## - ფიზიკური აღწერა |
| Extent |
142 გვ. : |
| Other physical details |
ტაბულები: გვ. 114-141. |
| Dimensions |
20 სმ. |
| 504 ## - BIBLIOGRAPHY, ETC. NOTE |
| Bibliography, etc |
ბიბლიოგრ.: გვ. 103-108. |
| 520 ## - SUMMARY, ETC. |
| Summary, etc |
რეზ. ინგლ. |
| 546 ## - LANGUAGE NOTE |
| Language note |
თავფურ. ქართ. და ინგლ. |
| 653 ## - INDEX TERM--UNCONTROLLED |
| Uncontrolled term |
Prehistoric mining implements from Georgia |
| 653 ## - INDEX TERM--UNCONTROLLED |
| Uncontrolled term |
პრეისტორიული ხანის იარაღები საქართველოში |
| 653 ## - INDEX TERM--UNCONTROLLED |
| Uncontrolled term |
პრეისტორიული ხანის სამთო წარმოების იარაღები საქართველოში |
| 653 ## - INDEX TERM--UNCONTROLLED |
| Uncontrolled term |
ისტორია |
| 700 ## - ADDED ENTRY--PERSONAL NAME |
| Personal name |
ღამბაშიძე, ირინა |
| Relator term |
რედაქტორი |
| 9 (RLIN) |
7648 |
| 942 ## - ADDED ENTRY ELEMENTS (KOHA) |
| Koha item type |
წიგნი |
| Source of classification or shelving scheme |
|